000 00919nabaa22002057a 4500
999 _c6130
_d6130
003 OSt
005 20260122220806.0
008 190701b xxu||||| |||| 00| 0 spa d
040 _cPJ
100 _96886
_aMario A. Fernández Moreno.
245 1 0 _aAborto y objeción de conciencia judicial en el fuero federal /
_cMario A. Fernández Moreno.
300 _ap. 124-135
505 _aSumario: I. Un nuevo escenario.— II. Concepto.— III. Análisis normativo.— IV. Análisis jurisprudencial.— V. Objetores en el ámbito judicial.— VI. Conclusión.
505 _t¿Te interesa el texto completo? Comunicate al correo: koha@justierradelfuego.gov.ar
650 0 _9211
_aDERECHO ADMINISTRATIVO
650 0 _92936
_aABORTO
650 0 _9208
_aOBJECION DE CONCIENCIA
773 0 _02842
_93251
_dBuenos Aires : AbeledoPerrot, 2012-
_oDA121
_tDerecho administrativo. Nº 148 julio/agosto 2023
_z18510590
942 _2udc
_cANA